[Event "Challenge"]
[Site "http://www.queenalice.com/game.php?id=1041514"]
[Date "2012.3.22"]
[Round "-"]
[White "Fagundes"]
[Black "eleden"]
[Result "0-1"]
[WhiteElo "1022"]
[BlackElo "1833"]

1. e4 e5 2. Nf3 Nc6 3. d4 exd4 4. Nxd4 Nf6 5. Nc3 Bb4 6. Bb5 Nxe4 7. Bxc6 Nxc3
8. bxc3 Bxc3+ 9. Bd2 Bxa1 10. Qxa1 dxc6 11. Bc3 Qe7+ 12. Ne2 O-O 13. Bxg7 Re8
14. O-O Qxe2 15. Bh8 Qg4 16. f3 Qg6 17. g4 Bxg4 18. fxg4 Re2 19. h3 h5 20. Rf6
Qg5 21. Rf4 Rae8 22. h4 Re1+ 23. Qxe1 Rxe1+ 24. Rf1 Qxg4+ 25. Kf2 Rxf1+ 26. Kxf1
Kxh8 27. a4 Qxh4 28. a5 Qg3 29. a6 b6 30. c4 c5 31. Ke2 h4 32. Kd2 h3 33. Kc2 h2
34. Kb2 h1=Q 35. Kc2 Qhh2+ 36. Kc1 Qgg1# 0-1

[Event "Challenge"]
[Site "http://www.queenalice.com/game.php?id=1043238"]
[Date "2012.3.27"]
[Round "-"]
[White "eleden"]
[Black "odone"]
[Result "0-1"]
[WhiteElo "1863"]
[BlackElo "1885"]

1. d4 d5 2. Bf4 Nf6 3. e3 e6 4. Nf3 Nbd7 5. a3 Be7 6. Bd3 O-O 7. O-O c5 8. c4
Ne4 9. cxd5 exd5 10. Nc3 Ndf6 11. Qc2 Bf5 12. Nxe4 dxe4 13. Bxe4 Bxe4 14. Qc4
Rc8 15. Nd2 cxd4 16. Qb3 dxe3 17. Bxe3 b6 18. Rad1 Bd5 19. Qa4 Qd7 20. Qxd7 Nxd7
21. b4 h6 22. Nb1 Be6 23. Rd3 Rfd8 24. Rfd1 Ne5 25. Bd4 Nxd3 0-1

[Event "Challenge"]
[Site "http://www.queenalice.com/game.php?id=1043239"]
[Date "2012.3.27"]
[Round "-"]
[White "eleden"]
[Black "Warner"]
[Result "1-0"]
[WhiteElo "1835"]
[BlackElo "1777"]

1. d4 d5 2. Bf4 Nf6 3. e3 e6 4. Nf3 c5 5. c4 Nc6 6. Nc3 cxd4 7. Nxd4 Nxd4 8.
Qxd4 Be7 9. cxd5 exd5 10. Bb5+ Bd7 11. Qa4 Bxb5 12. Qxb5+ Qd7 13. Qxd7+ Nxd7 14.
Nxd5 Rc8 15. O-O Bf6 16. Rfd1 Be5 17. Rac1 Rxc1 18. Rxc1 O-O 19. Ne7+ Kh8 20.
Rd1 Bxf4 21. Rxd7 Bg5 22. Rxb7 Bxe7 23. Rxe7 1-0

[Event "Challenge"]
[Site "http://www.queenalice.com/game.php?id=1045291"]
[Date "2012.4.3"]
[Round "-"]
[White "alexferreira"]
[Black "eleden"]
[Result "1-0"]
[WhiteElo "1863"]
[BlackElo "1865"]

1. d4 d5 2. g3 Bg4 3. Bg2 e6 4. Nf3 Nc6 5. c3 Nf6 6. Bg5 h6 7. Bxf6 Qxf6 8. Nbd2
Bd6 9. O-O O-O 10. Nb3 b6 11. Qc2 Rfe8 12. Rae1 e5 13. dxe5 Nxe5 14. Nxe5 Qxe5
15. e3 c6 16. Nd4 Qf6 17. Nxc6 Bf3 18. Nd4 Bxg2 19. Kxg2 Re5 20. Kg1 Rae8 21.
Nc6 Rg5 22. Nxa7 Rg6 23. Nb5 Be5 24. Nd4 Bxd4 25. exd4 Rxe1 26. Rxe1 Qf3 27. h4
Rf6 28. Re8# 1-0

[Event "Challenge"]
[Site "http://www.queenalice.com/game.php?id=1045300"]
[Date "2012.4.3"]
[Round "-"]
[White "eleden"]
[Black "alexferreira"]
[Result "0-1"]
[WhiteElo "1849"]
[BlackElo "1924"]

1. d4 d5 2. Bf4 g6 3. e3 Bg7 4. Nf3 Nf6 5. Bd3 O-O 6. O-O Bg4 7. h3 Bxf3 8. Qxf3
c6 9. Bxb8 Rxb8 10. Nd2 Nd7 11. Rfe1 e5 12. dxe5 Nxe5 13. Qe2 Nxd3 14. Qxd3 Bxb2
15. Rab1 Bg7 16. Nf3 Qc7 17. e4 Rbd8 18. e5 Rfe8 19. e6 Rxe6 20. Rxe6 fxe6 21.
Qe3 a6 22. Qxe6+ Kh8 23. Re1 Rf8 24. Ng5 Bf6 25. Nf3 Qf7 26. Qxf7 Rxf7 27. Nh2
Kg7 28. Ng4 Re7 29. Kf1 Rxe1+ 30. Kxe1 Bc3+ 31. Ke2 d4 32. Kd3 Kf7 33. f3 c5 34.
Nf2 Ke6 35. Ne4 Kd5 36. Nxc3+ dxc3 37. Kxc3 b5 38. a3 a5 39. Kd3 c4+ 40. Kc3 Kc5
41. h4 b4+ 42. axb4+ axb4+ 43. Kb2 Kd4 44. Kc1 Ke3 45. Kd1 Kf2 46. Kd2 Kxg2 47.
Ke3 h5 0-1

[Event "Challenge"]
[Site "http://www.queenalice.com/game.php?id=1077838"]
[Date "2012.6.30"]
[Round "-"]
[White "eleden"]
[Black "Arwan"]
[Result "1/2-1/2"]
[WhiteElo "1848"]
[BlackElo "1843"]

1. d4 d5 2. Bf4 Nc6 3. e3 Nf6 4. a3 Bd7 5. Nc3 e6 6. Nf3 a6 7. Bd3 Be7 8. O-O
O-O 9. e4 dxe4 10. Bxe4 Nxe4 11. Nxe4 b6 12. b4 Bc8 13. c3 Bb7 14. Re1 Bd6 15.
Nxd6 cxd6 16. c4 Re8 17. Bg3 Ne7 18. Qd3 Ng6 19. Re3 b5 20. Rc1 Rc8 21. c5 dxc5
22. dxc5 Bd5 23. Bd6 f6 24. Rce1 Kf7 25. g3 Bxf3 26. Rxf3 Kg8 27. Rfe3 Qd7 28.
Rd1 1/2-1/2

[Event "Challenge"]
[Site "http://www.queenalice.com/game.php?id=1094391"]
[Date "2012.8.19"]
[Round "-"]
[White "eleden"]
[Black "Sonia"]
[Result "1-0"]
[WhiteElo "1848"]
[BlackElo "1615"]

1. d4 d5 2. Bf4 Nc6 3. Nf3 h6 4. e3 a6 5. Bd3 Nf6 6. c4 Bd7 7. Nc3 e6 8. cxd5
Nb4 9. dxe6 Bxe6 10. Bb1 Be7 11. O-O Nbd5 12. Nxd5 Nxd5 13. Bg3 O-O 14. Qc2 f5
15. Ne5 Rf6 16. a3 c6 17. Ba2 Rc8 18. Qe2 f4 19. exf4 Nxf4 20. Bxe6+ Nxe6 21.
Ng4 Nxd4 22. Qc4+ Qd5 23. Nxf6+ Bxf6 24. Qxd5+ cxd5 25. Rab1 Ne2+ 26. Kh1 Rc2
27. Rfe1 Bxb2 28. Bd6 b5 29. f4 d4 30. g3 h5 31. Rbd1 a5 32. Rd3 h4 33. gxh4 b4
34. axb4 a4 35. b5 Bc3 36. Rb1 Bb2 37. b6 a3 38. Bxa3 Bxa3 39. Rxa3 Nc3 40. b7
Nxb1 41. b8=Q+ Kh7 42. Qxb1 1-0

[Event "Challenge"]
[Site "http://www.queenalice.com/game.php?id=1103073"]
[Date "2012.9.15"]
[Round "-"]
[White "eleden"]
[Black "yasseryack"]
[Result "1-0"]
[WhiteElo "1855"]
[BlackElo "1851"]

1. d4 d5 2. Bf4 e6 3. e3 Bd7 4. Nf3 Be7 5. a3 Nf6 6. c4 O-O 7. Nc3 Nh5 8. Bg3
Nxg3 9. hxg3 c5 10. cxd5 exd5 11. Nxd5 Bc6 12. Nxe7+ Qxe7 13. d5 Rd8 14. Qc2
Rxd5 15. Qxh7+ Kf8 16. Qh8# 1-0

[Event "Challenge"]
[Site "http://www.queenalice.com/game.php?id=1107851"]
[Date "2012.9.29"]
[Round "-"]
[White "eleden"]
[Black "Sonia"]
[Result "1-0"]
[WhiteElo "1873"]
[BlackElo "1570"]

1. d4 d5 2. Bf4 Nc6 3. e3 a6 4. c4 e6 5. Nc3 Bd7 6. cxd5 Na7 7. a3 exd5 8. Nxd5
Rc8 9. Bc4 b5 10. Bd3 h6 11. Nf3 Nf6 12. Nxf6+ gxf6 13. b4 Bg7 14. Rc1 f5 15.
O-O O-O 16. Qc2 Nc6 17. Bxf5 Bxf5 18. Qxf5 Ne7 19. Qd3 Nd5 20. Bg3 c6 21. Rc2
Nb6 22. Rfc1 Qd7 23. Be5 f6 24. Bf4 Nc4 25. Nd2 f5 26. Nxc4 bxc4 27. Rxc4 Qe6
28. Rc5 Kh8 29. Qc4 Qd7 30. h3 Rfe8 31. Qd3 Rf8 32. Qxa6 Qe6 33. Rxc6 Rxc6 34.
Rxc6 Qe4 35. Bxh6 f4 36. Bxg7+ Kxg7 37. Rc7+ Rf7 38. Rxf7+ Kxf7 39. Qe2 Qb1+ 40.
Kh2 Qc1 41. Qf3 Qxa3 42. Qxf4+ Ke7 43. d5 Kd7 44. d6 Qb3 45. h4 Qg8 46. Qf6 Qc4
47. Qe7+ 1-0

[Event "Challenge"]
[Site "http://www.queenalice.com/game.php?id=1107855"]
[Date "2012.9.29"]
[Round "-"]
[White "eleden"]
[Black "fortes"]
[Result "1-0"]
[WhiteElo "1877"]
[BlackElo "1983"]

1. d4 e6 2. Bf4 d5 3. e3 Bd6 4. Bxd6 Qxd6 5. c4 dxc4 6. Nc3 Qb4 7. Qc2 b5 8. a3
Qa5 9. Qe4 c6 10. Qe5 Nf6 11. h3 Nbd7 12. Qd6 Bb7 13. O-O-O c5 14. Nf3 b4 15.
Nb1 Ne4 16. Qf4 c3 17. Ne5 Nxe5 18. dxe5 1-0

[Event "Challenge"]
[Site "http://www.queenalice.com/game.php?id=1142284"]
[Date "2013.1.19"]
[Round "-"]
[White "eleden"]
[Black "Sonia"]
[Result "1-0"]
[WhiteElo "1897"]
[BlackElo "1565"]

1. d4 d5 2. Bf4 Nf6 3. e3 a6 4. Nf3 h6 5. c4 b6 6. Nc3 Bb7 7. Qc2 e6 8. cxd5
Nxd5 9. Nxd5 Bd6 10. Bxd6 Bxd5 11. Qxc7 Qxc7 12. Bxc7 Nd7 13. Bd3 O-O 14. O-O
Rfe8 15. b3 Bc6 16. Rac1 Bb5 17. Bxb5 axb5 18. Rc2 b4 19. Ne5 Nxe5 20. Bxe5 Kh7
21. Rfc1 b5 22. Bd6 f5 23. Bxb4 e5 24. d5 e4 25. d6 Red8 26. a3 h5 27. f4 Kh6
28. Rc7 Ra6 29. R7c6 Ra7 30. d7+ Kh7 31. Rd1 Rdxd7 32. Rxd7 1-0

[Event "Challenge"]
[Site "http://www.queenalice.com/game.php?id=1147690"]
[Date "2013.2.1"]
[Round "-"]
[White "eleden"]
[Black "brunocalixto"]
[Result "1-0"]
[WhiteElo "1915"]
[BlackElo "1679"]

1. d4 e6 2. Bf4 Nf6 3. e3 g6 4. Bd3 Bg7 5. Nd2 O-O 6. Ngf3 Nc6 7. a3 d5 8. c4
Bd7 9. c5 b6 10. b4 a5 11. O-O axb4 12. Qb3 bxa3 13. Rxa3 Rxa3 14. Qxa3 Bc8 15.
Bb5 Bb7 16. cxb6 cxb6 17. Bxc6 Bxc6 18. Ne5 Qc8 19. Rc1 Ne4 20. Nxc6 Qb7 21.
Nxe4 dxe4 22. Bd6 Ra8 23. Ne7+ Kf8 24. Nf5+ Kg8 25. Ne7+ Kf8 26. Qc3 Bf6 27.
Nxg6+ Kg7 28. Ne5 Be7 29. Bxe7 Qxe7 30. h3 f6 31. Ng4 h5 32. Nh2 e5 33. dxe5
fxe5 34. Nf1 Ra3 35. Qb2 Qd6 36. Ng3 Rd3 37. Nf5+ 1-0

[Event "Challenge"]
[Site "http://www.queenalice.com/game.php?id=1147692"]
[Date "2013.2.1"]
[Round "-"]
[White "eleden"]
[Black "uassirr"]
[Result "1-0"]
[WhiteElo "1890"]
[BlackElo "1806"]

1. d4 Nf6 2. Bf4 d6 3. e3 g6 4. Nf3 Bg7 5. Nc3 O-O 6. Bc4 Nbd7 7. O-O a6 8. a4
c5 9. dxc5 Nxc5 10. Rb1 Bd7 11. b3 Nfe4 12. Na2 Nc3 13. Nxc3 Bxc3 14. Qd5 Be6
15. Qd1 Bxc4 16. bxc4 Nxa4 17. Rxb7 Nc5 18. Rb1 Bg7 19. Nd2 a5 20. Ra1 a4 21.
Ra3 Qb6 22. Nb1 Bb2 23. Bh6 Bxa3 24. Bxf8 Rxf8 25. Nxa3 Qb2 26. Nb5 a3 27. Qd4
Qxd4 28. exd4 Ne4 29. Nxa3 Ra8 30. Nb5 Nd2 31. Nc7 Rc8 32. Nd5 Nxf1 33. Nxe7+
Kf8 34. Nxc8 Nd2 35. Nxd6 Ke7 36. c5 f5 37. Nb5 Nc4 38. f4 Kd7 39. Kf2 Kc6 40.
Na7+ Kd5 41. c3 Nd2 42. Ke3 Ne4 43. Kd3 h6 44. c6 1-0

[Event "Challenge"]
[Site "http://www.queenalice.com/game.php?id=1147693"]
[Date "2013.2.1"]
[Round "-"]
[White "eleden"]
[Black "Pipa1957"]
[Result "0-1"]
[WhiteElo "1900"]
[BlackElo "2040"]

1. d4 e6 2. Bf4 c5 3. e3 cxd4 4. Qxd4 Nc6 5. Qd1 Qb6 6. b3 Nf6 7. Bd3 e5 8. Bg5
d5 9. Bxf6 gxf6 10. Nf3 e4 11. Bxe4 dxe4 12. Nfd2 Ne5 13. O-O Bg4 14. Qc1 Qc6
15. Qb2 Rg8 16. g3 O-O-O 17. Nc3 Rxd2 18. Rad1 Bxd1 19. Nxd1 Nf3+ 20. Kg2 Qb5
21. Nc3 Qh5 22. Nxe4 Nh4+ 23. Kg1 Qf3 0-1

[Event "Challenge"]
[Site "http://www.queenalice.com/game.php?id=1147694"]
[Date "2013.2.1"]
[Round "-"]
[White "eleden"]
[Black "uassirr"]
[Result "1-0"]
[WhiteElo "1903"]
[BlackElo "1793"]

1. d4 Nf6 2. c4 d6 3. Nc3 g6 4. Nf3 Bg7 5. Bg5 O-O 6. e3 Nbd7 7. h3 c5 8. dxc5
Nxc5 9. Rb1 Bf5 10. Rc1 a6 11. Nd4 Bd7 12. Bxf6 Bxf6 13. b4 Ne6 14. Nxe6 Bxe6
15. Bd3 Rc8 16. Ne4 Bb2 17. Rc2 Bg7 18. O-O Bd7 19. f4 Ba4 20. g4 Bxc2 21. Bxc2
Rxc4 22. Qd2 Qb6 23. a3 Rxc2 24. Qxc2 Qxe3+ 25. Kh2 Qxa3 26. Qb1 Qb2+ 27. Qxb2
Bxb2 28. Rb1 Bg7 29. g5 Rc8 30. Kg3 d5 31. Nc5 Rc7 32. Kg4 h5+ 33. Kf3 e5 34.
fxe5 Bxe5 35. Rd1 d4 36. Ke4 Bg7 37. Kd5 Kf8 38. Rf1 Re7 39. Kd6 Be5+ 40. Kd5
Kg7 41. h4 Bg3 42. Ne4 Rxe4 43. Kxe4 1-0

[Event "Challenge"]
[Site "http://www.queenalice.com/game.php?id=1195543"]
[Date "2013.6.30"]
[Round "-"]
[White "eleden"]
[Black "jeffeson"]
[Result "0-1"]
[WhiteElo "1922"]
[BlackElo "1924"]

1. d4 Nf6 2. Bf4 g6 3. Nf3 Bg7 4. Nbd2 O-O 5. e3 d6 6. Bd3 c5 7. c4 Nc6 8. Rb1
Nb4 9. Qb3 a5 10. a3 a4 11. Qd1 Nxd3+ 12. Kf1 Nxf4 13. exf4 Bf5 14. Rc1 Qb6 0-1

[Event "Challenge"]
[Site "http://www.queenalice.com/game.php?id=1195546"]
[Date "2013.6.30"]
[Round "-"]
[White "eleden"]
[Black "Sonia"]
[Result "1-0"]
[WhiteElo "1922"]
[BlackElo "1518"]

1. d4 d5 2. Bf4 Na6 3. e3 Bd7 4. Bxa6 bxa6 5. Nf3 e6 6. a3 h6 7. O-O Nf6 8. Nbd2
Ne4 9. Nxe4 dxe4 10. Ne5 Qe7 11. c4 f6 12. Ng6 Qf7 13. Nxh8 Qg8 14. Ng6 O-O-O
15. Nxf8 Qxf8 16. Rc1 e5 17. dxe5 f5 18. h3 g5 19. Bh2 f4 20. f3 Bc6 21. Qe2 Rd3
22. Rcd1 1-0